Szeged legyen a fesztiválok városa Ortutay Gyula megbeszélései Szegeden a Szabadtéri Játékok ügyében
Elmentve itt :
| Dokumentumtípus: | Cikk |
|---|---|
| Megjelent: |
1962-09-19
|
| Sorozat: | Délmagyarország
52 No. 219 |
| Kulcsszavak: | Ortutay Gyula, Tari János, Szabadtéri Játékok, Szegedi Szabadtéri Játékok egyeztetés 1962 |
| Online Access: | http://dmarchiv.bibl.u-szeged.hu/78146 |
| LEADER | 00566nab a2200145 i 4500 | ||
|---|---|---|---|
| 001 | delm78146 | ||
| 005 | 20180928084337.0 | ||
| 008 | 180928s1962 hu o 0|| hun d | ||
| 040 | |a SZTE Délmagyarország Archívum |b hun | ||
| 041 | |a hun | ||
| 245 | 0 | 0 | |a Szeged legyen a fesztiválok városa |h [elektronikus dokumentum] : |b Ortutay Gyula megbeszélései Szegeden a Szabadtéri Játékok ügyében |
| 260 | |c 1962-09-19 | ||
| 300 | |a 1 | ||
| 490 | 0 | |a Délmagyarország |v 52 No. 219 | |
| 695 | |a Ortutay Gyula, Tari János, Szabadtéri Játékok, Szegedi Szabadtéri Játékok egyeztetés 1962 | ||